Statistics for Smallest Biggest Cities A-Z

Click here to take the quiz!

General Stats

  • This quiz has been taken 17 times
  • The average score is 12 of 25

Answer Stats

LetterPopulationCity% Correct
A22,440Andorra La Vella
87%
V825Vatican City
87%
Y747Yaren
80%
F6,152Funafuti
67%
P127,899Praia
67%
R16,243Roseau
67%
C4,173Castries
60%
B7,466Bridgetown
53%
H84,520Honiara
53%
I15,520,000Istanbul
53%
M30,365Moroni
53%
N23,221Nuku'Alofa
53%
Q2,100,000Quito
53%
U1,452,000Ulaanbaatar
53%
Z402,762Zurich
53%
G24,849Georgetown
40%
K11,444Koror
40%
L114,303Luxembourg
33%
O634,293Oslo
27%
S6,039Schaan
27%
T114,551Thimphu
27%
W13,856Weno
13%
D7,000Dogana
7%
J525,953Juba
7%
E15,000Ebeye
0%

Score Distribution

Percentile by Number Answered

Percent of People with Each Score

Your Score History

You have not taken this quiz